000
00318nam a2200121Ia 4500
008
220204s9999 xx 000 0 und d
082
_a
575:631.52
_b
PLA.13
100
_a
Janick, Jules
245
0
_a
Plant breeding reviews V.13
260
_a
New York
_b
John Wiley & Sons
_c
1995
650
_a
Genetic markers
942
_c
BK
999
_c
41240
_d
41240